000 00870nam a2200277 i 4500
003 DO-SdBNP
005 20240927073750.0
007 ta
008 240122b1989 dr ac||| |||| 00| 0 dr d
020 _a8431202351
040 _aDO-SdBNP
_bspa
_cBNPHU
_erda
082 4 _aRD861.44
_bB171v, 1989
_222
100 1 _a Balaguer, Joaquín,
_d1906-2002
_eautor
_976556
245 1 3 _aLa venda transparente /
_cJoaquín Balaguer Ricardo.
250 _a3a. ed.
264 _aEspaña :
_bG. del Toro,
_c1989.
300 _a196 páginas :
_bilustraciones, retratos. ;
_c22 cm.
336 _2rdacontent
_atexto
_btxt
337 _2rdamedia
_asin mediación
_bn
338 _2rdacarrier
_avolumen
_bnc
590 _aInventariado, 2018/LP
650 4 _aPoesía dominicana
_966
650 0 _aLiteratura dominicana.
_967
910 _aValidado. Control de calidad MFF
942 _2ddc
_cLBS1
999 _c55738
_d55738